Taylor Swift: Sparks Fly lyrics - Statistics

General Stats
  • This quiz has been taken 1,472 times
  • The average score is 281 of 348
Answer Stats
Answer % Correct
I
99%
you
98%
a
97%
fly
97%
sparks
97%
The
97%
the
97%
me
95%
when
95%
see
94%
no
92%
on
92%
'cause
91%
in
91%
your
91%
smile
90%
whenever
90%
and
89%
you're
89%
my
88%
rain
88%
kiss
86%
away
84%
go
84%
like
84%
now
84%
pain
84%
take
84%
that
84%
meet
83%
of
83%
pouring
83%
sidewalk
83%
way
83%
everything
82%
i'm
82%
is
82%
around
81%
baby
81%
drop
81%
eyes
81%
lights
81%
not
81%
down
80%
to
80%
something
79%
with
79%
but
76%
cards
76%
green
76%
house
76%
get
75%
those
75%
what
75%
as
74%
know
74%
move
74%
just
72%
rainstorm
72%
could
71%
kind
71%
give
70%
it
70%
won't
70%
enough
69%
full
69%
haunt
69%
run
69%
touch
68%
there
67%
close
66%
was
66%
be
65%
for
65%
it's
65%
that'll
65%
far
64%
thinking
64%
front
63%
running
63%
send
62%
would
62%
reckless
61%
couldn't
60%
stood
60%
kinda
58%
really
58%
hope
57%
bad
54%
idea
54%
should
54%
once
53%
wish
53%
better
51%
feel
51%
fingers
51%
hair
51%
keep
51%
mind
51%
watch
51%
good
50%
make
50%
than
50%
through
50%
by
49%
rest
49%
world
49%
forgets
48%
remind
48%
right
48%
wait
48%
even
47%
guard
47%
wild
46%
firework
45%
keeping
45%
patiently
45%
show
45%
oh
43%
whisper
43%
find
42%
imagined
42%
slow
41%
staircase
40%
captivated
39%
up
38%
wrong
38%
soft
37%
lead
30%
No matching quizzes found
Score Distribution
Percent of People with Each Score
Percentile by Number Answered
Your Score History
You have not taken this quiz